<?xml version="1.0" encoding="UTF-8"?>
<record
    xmlns:xsi="http://www.w3.org/2001/XMLSchema-instance"
    xsi:schemaLocation="http://www.loc.gov/MARC21/slim http://www.loc.gov/standards/marcxml/schema/MARC21slim.xsd"
    xmlns="http://www.loc.gov/MARC21/slim">

  <leader>00699nam a2200229Ia 4500</leader>
  <controlfield tag="005">20220818093053.0</controlfield>
  <controlfield tag="008">210716s2011    xx            000 0 und d</controlfield>
  <datafield tag="020" ind1=" " ind2=" ">
    <subfield code="a">9789351428237</subfield>
  </datafield>
  <datafield tag="040" ind1=" " ind2=" ">
    <subfield code="c">AIMIT LIBRARY</subfield>
  </datafield>
  <datafield tag="041" ind1=" " ind2=" ">
    <subfield code="a">eng</subfield>
  </datafield>
  <datafield tag="082" ind1=" " ind2=" ">
    <subfield code="a">570.15195 </subfield>
    <subfield code="2">2</subfield>
    <subfield code="b">AROP</subfield>
  </datafield>
  <datafield tag="100" ind1=" " ind2=" ">
    <subfield code="a">Arora, P N.</subfield>
    <subfield code="9">54952</subfield>
  </datafield>
  <datafield tag="245" ind1=" " ind2=" ">
    <subfield code="a">Biostatistics /</subfield>
    <subfield code="c">By P N Arora and P K Malhan</subfield>
  </datafield>
  <datafield tag="250" ind1=" " ind2=" ">
    <subfield code="a">2nd ed.</subfield>
  </datafield>
  <datafield tag="260" ind1=" " ind2=" ">
    <subfield code="a">New Delhi :</subfield>
    <subfield code="b">Himalaya Publishing House ,</subfield>
    <subfield code="c">2011.</subfield>
  </datafield>
  <datafield tag="300" ind1=" " ind2=" ">
    <subfield code="a">14,578p.</subfield>
    <subfield code="c">24.5 cm.</subfield>
  </datafield>
  <datafield tag="650" ind1=" " ind2=" ">
    <subfield code="a">Preliminary concepts</subfield>
    <subfield code="9">54953</subfield>
  </datafield>
  <datafield tag="650" ind1=" " ind2=" ">
    <subfield code="a">Graphical representation of data</subfield>
    <subfield code="9">54954</subfield>
  </datafield>
  <datafield tag="650" ind1=" " ind2=" ">
    <subfield code="a">Correlation analysis</subfield>
    <subfield code="9">54955</subfield>
  </datafield>
  <datafield tag="700" ind1=" " ind2=" ">
    <subfield code="a">Malhan, P K.</subfield>
    <subfield code="9">54956</subfield>
  </datafield>
  <datafield tag="942" ind1=" " ind2=" ">
    <subfield code="2">ddc</subfield>
    <subfield code="c">BK</subfield>
    <subfield code="e">2nd</subfield>
    <subfield code="k">570.15195 AROP</subfield>
  </datafield>
  <datafield tag="999" ind1=" " ind2=" ">
    <subfield code="c">195811</subfield>
    <subfield code="d">195811</subfield>
  </datafield>
  <datafield tag="952" ind1=" " ind2=" ">
    <subfield code="0">0</subfield>
    <subfield code="1">0</subfield>
    <subfield code="2">ddc</subfield>
    <subfield code="4">0</subfield>
    <subfield code="7">0</subfield>
    <subfield code="8">MCA</subfield>
    <subfield code="a">AIMIT</subfield>
    <subfield code="b">AIMIT</subfield>
    <subfield code="e">Higginbothams Pvt Ltd</subfield>
    <subfield code="g">375.00</subfield>
    <subfield code="i">Bill no:1743; Bill dt:2011-10-28</subfield>
    <subfield code="l">0</subfield>
    <subfield code="o">570.15195 AROP</subfield>
    <subfield code="p">MCA11262</subfield>
    <subfield code="r">2025-07-21 00:00:00</subfield>
    <subfield code="v">281.25</subfield>
    <subfield code="w">2021-07-16</subfield>
    <subfield code="y">BK</subfield>
  </datafield>
  <datafield tag="952" ind1=" " ind2=" ">
    <subfield code="0">0</subfield>
    <subfield code="1">0</subfield>
    <subfield code="2">ddc</subfield>
    <subfield code="4">0</subfield>
    <subfield code="7">0</subfield>
    <subfield code="8">MCA</subfield>
    <subfield code="a">AIMIT</subfield>
    <subfield code="b">AIMIT</subfield>
    <subfield code="e">Higginbothams Pvt Ltd</subfield>
    <subfield code="g">375.00</subfield>
    <subfield code="i">Bill no:1743; Bill dt:2011-10-28</subfield>
    <subfield code="l">0</subfield>
    <subfield code="o">570.15195 AROP</subfield>
    <subfield code="p">MCA11263</subfield>
    <subfield code="r">2025-07-21 00:00:00</subfield>
    <subfield code="v">281.25</subfield>
    <subfield code="w">2021-07-16</subfield>
    <subfield code="y">BK</subfield>
  </datafield>
  <datafield tag="952" ind1=" " ind2=" ">
    <subfield code="0">0</subfield>
    <subfield code="1">0</subfield>
    <subfield code="2">ddc</subfield>
    <subfield code="4">0</subfield>
    <subfield code="7">0</subfield>
    <subfield code="8">MCA</subfield>
    <subfield code="a">AIMIT</subfield>
    <subfield code="b">AIMIT</subfield>
    <subfield code="d">2017-03-10</subfield>
    <subfield code="e">Biblios Book Point</subfield>
    <subfield code="g">510.00</subfield>
    <subfield code="i">952 :2017-03-07</subfield>
    <subfield code="l">2</subfield>
    <subfield code="o">570.15195 AROP</subfield>
    <subfield code="p">MCA15320</subfield>
    <subfield code="r">2026-06-04 16:18:52</subfield>
    <subfield code="s">2023-11-27</subfield>
    <subfield code="v">392.70</subfield>
    <subfield code="w">2021-07-16</subfield>
    <subfield code="y">BK</subfield>
  </datafield>
  <datafield tag="952" ind1=" " ind2=" ">
    <subfield code="0">0</subfield>
    <subfield code="1">0</subfield>
    <subfield code="2">ddc</subfield>
    <subfield code="4">0</subfield>
    <subfield code="7">3</subfield>
    <subfield code="8">MCA</subfield>
    <subfield code="a">AIMIT</subfield>
    <subfield code="b">AIMIT</subfield>
    <subfield code="d">2017-03-07</subfield>
    <subfield code="e">Biblios Book Point</subfield>
    <subfield code="g">510.00</subfield>
    <subfield code="i">952 :2017-03-07</subfield>
    <subfield code="l">0</subfield>
    <subfield code="o">570.15195 AROP</subfield>
    <subfield code="p">MCA15321</subfield>
    <subfield code="r">2025-07-21 00:00:00</subfield>
    <subfield code="v">392.70</subfield>
    <subfield code="w">2021-07-16</subfield>
    <subfield code="y">BK</subfield>
  </datafield>
  <datafield tag="952" ind1=" " ind2=" ">
    <subfield code="0">0</subfield>
    <subfield code="1">0</subfield>
    <subfield code="2">ddc</subfield>
    <subfield code="4">0</subfield>
    <subfield code="7">0</subfield>
    <subfield code="8">MCA</subfield>
    <subfield code="a">AIMIT</subfield>
    <subfield code="b">AIMIT</subfield>
    <subfield code="d">2017-10-03</subfield>
    <subfield code="e">Biblios Book Point</subfield>
    <subfield code="g">510.00</subfield>
    <subfield code="i">952 :2017-03-07</subfield>
    <subfield code="l">2</subfield>
    <subfield code="o">570.15195 AROP</subfield>
    <subfield code="p">MCA15322</subfield>
    <subfield code="r">2025-07-25 12:09:52</subfield>
    <subfield code="s">2023-11-07</subfield>
    <subfield code="v">392.70</subfield>
    <subfield code="w">2021-07-16</subfield>
    <subfield code="y">BK</subfield>
  </datafield>
  <datafield tag="952" ind1=" " ind2=" ">
    <subfield code="0">0</subfield>
    <subfield code="1">0</subfield>
    <subfield code="2">ddc</subfield>
    <subfield code="4">0</subfield>
    <subfield code="7">0</subfield>
    <subfield code="8">MCA</subfield>
    <subfield code="a">AIMIT</subfield>
    <subfield code="b">AIMIT</subfield>
    <subfield code="e">Biblios Book Point</subfield>
    <subfield code="g">510.00</subfield>
    <subfield code="i">Bill no:952; Bill dt:2017-03-07</subfield>
    <subfield code="l">1</subfield>
    <subfield code="o">570.15195 AROP</subfield>
    <subfield code="p">MCA15323</subfield>
    <subfield code="r">2025-07-21 00:00:00</subfield>
    <subfield code="s">2024-10-05</subfield>
    <subfield code="v">392.70</subfield>
    <subfield code="w">2021-07-16</subfield>
    <subfield code="y">BK</subfield>
  </datafield>
  <datafield tag="952" ind1=" " ind2=" ">
    <subfield code="0">0</subfield>
    <subfield code="1">0</subfield>
    <subfield code="2">ddc</subfield>
    <subfield code="4">0</subfield>
    <subfield code="7">0</subfield>
    <subfield code="8">MCA</subfield>
    <subfield code="a">AIMIT</subfield>
    <subfield code="b">AIMIT</subfield>
    <subfield code="d">2017-10-03</subfield>
    <subfield code="e">Biblios Book Point</subfield>
    <subfield code="g">510.00</subfield>
    <subfield code="i">952 :2017-03-07</subfield>
    <subfield code="l">3</subfield>
    <subfield code="o">570.15195 AROP</subfield>
    <subfield code="p">MCA15324</subfield>
    <subfield code="r">2025-07-21 00:00:00</subfield>
    <subfield code="s">2025-04-11</subfield>
    <subfield code="v">392.70</subfield>
    <subfield code="w">2021-07-16</subfield>
    <subfield code="y">BK</subfield>
  </datafield>
</record>
